Top 100 Biggest Cities in Washington - Statistics

General Stats
  • This quiz has been taken 1,760 times
    293 since last reset
  • The average score is 37 of 100
Answer Stats
# City Population % Correct
1 Seattle 737,015
99%
2 Spokane 228,989
97%
3 Tacoma 219,346
95%
4 Vancouver 190,915
92%
5 Bellevue 151,854
90%
24 Olympia 55,605
90%
11 Yakima 96,968
87%
7 Everett 110,629
86%
9 Spokane Valley 102,976
84%
13 Bellingham 91,482
82%
6 Kent 136,588
80%
10 Federal Way 101,030
76%
16 Pasco 77,108
76%
8 Renton 106,785
75%
15 Kennewick 83,921
74%
40 Walla Walla 34,060
72%
22 Richland 60,560
71%
17 Redmond 73,256
70%
12 Kirkland 92,175
67%
14 Auburn 87,256
63%
28 Bremerton 43,505
59%
74 Port Angeles 19,960
59%
41 Pullman 32,901
58%
29 Puyallup 42,973
58%
37 Wenatchee 35,308
58%
44 SeaTac 31,454
57%
18 Marysville 70,714
56%
19 Sammamish 67,455
54%
23 Shoreline 58,608
54%
31 Issaquah 40,051
50%
38 Mount Vernon 35,219
49%
27 Bothell 48,161
47%
25 Lacey 53,526
47%
21 Lakewood 63,612
47%
30 Edmonds 42,853
45%
34 Longview 37,818
45%
84 Aberdeen 17,013
44%
26 Burien 52,066
42%
78 Ellensburg 18,666
42%
50 Moses Lake 25,146
42%
79 Centralia 18,183
41%
49 Tumwater 25,350
38%
48 Mercer Island 25,748
37%
80 Anacortes 17,637
36%
42 Des Moines 32,888
34%
33 Lynnwood 38,568
34%
53 Bainbridge Island 24,825
33%
64 Tukwila 21,798
31%
35 Lake Stevens 35,630
30%
75 Arlington 19,868
29%
76 Monroe 19,699
29%
89 Port Orchard 15,587
28%
39 University Place 34,866
27%
47 Camas 26,065
25%
94 Snoqualmie 14,121
25%
56 Kenmore 23,914
24%
54 Oak Harbor 24,622
24%
20 South Hill 64,708
24%
73 Battle Ground 20,743
23%
45 Maple Valley 28,013
23%
100 Cheney 13,255
22%
66 Mukilteo 21,538
22%
87 West Richland 16,295
21%
93 East Wenatchee 14,158
20%
91 Ferndale 15,048
20%
70 Mill Creek 20,926
20%
68 Mountlake Terrace 21,286
20%
32 Parkland 38,623
19%
36 Spanaway 35,476
19%
61 Bonney Lake 22,487
17%
88 Lynden 15,749
16%
71 Covington 20,777
15%
43 Graham 32,658
15%
86 Sunnyside 16,375
15%
85 White Center 16,631
15%
72 Silverdale 20,733
13%
99 Lake Forest Park 13,630
12%
83 Washougal 17,039
12%
77 Fairwood 19,396
9%
52 Frederickson 24,906
9%
82 Camano Island 17,356
8%
69 Five Corners 20,973
8%
57 Hazel Dell 23,569
8%
58 Cottage Lake 22,857
7%
46 Orchards 27,729
7%
96 Bothell East 13,790
6%
63 Bothell West 22,015
6%
81 Bryn Mawr-Skyway 17,397
6%
55 Eastmont 24,059
5%
97 Lakeland North 13,663
5%
90 Lake Stickney 15,413
5%
65 Martha Lake 21,660
5%
59 North Lynnwood 22,802
4%
60 Union Hill-Novelty Hill 22,683
4%
98 Artondale 13,641
3%
92 Elk Plain 14,534
3%
95 Fort Lewis 14,052
3%
51 Mill Creek East 24,912
3%
67 Salmon Creek 21,293
2%
62 Silver Firs 22,174
2%
No matching quizzes found
Score Distribution
Percent of People with Each Score
Percentile by Number Answered
Your Score History
You have not taken this quiz since the last reset